[Event "GER-ch U12"]
[Site "Willingen"]
[Date "2023.06.03"]
[Round "9"]
[White "Merenda, Lukas Benedikt"]
[Black "Charchulla, Moritz"]
[Result "1-0"]
[WhiteElo "1479"]
[BlackElo "1063"]
[PlyCount "67"]
[EventDate "2023.05.27"]
[EventType "swiss"]
[EventRounds "9"]
[EventCountry "GER"]
[SourceTitle "CBM 214 Extra"]
[Source "ChessBase"]
[SourceDate "2023.07.31"]
[SourceVersion "1"]
[SourceVersionDate "2023.07.31"]
[SourceQuality "1"]

1. e4 e5 2. Bc4 Nf6 3. d3 c6 4. Nf3 d5 5. Bb3 a5 6. a3 Bd6 7. Nc3 Be6 8. Bg5 d4 9. Ne2 Bxb3 10. cxb3 Nbd7 11. Ng3 h6 12. Bc1 0-0 13. Nh4 Nxe4 14. Nxe4 Bxa3 15. Nf5 Bb4+ 16. Bd2 Bxd2+ 17. Qxd2 Qb6 18. 0-0 Qxb3 19. f4 Rfd8 20. fxe5 Nxe5 21. Nxh6+ Kf8 22. Ra3 Qb4 23. Qf4 Qe7 24. Nf5 Qe6 25. Ng5 Qe8 26. Qh4 Ng6 27. Qh7 Qe5 28. Nh6 Qe3+ 29. Kh1 Nf4 30. Qg8+ Ke7 31. Qxf7+ Kd6 32. Nf5+ Kc5 33. Nxe3 dxe3 34. Qxf4 1-0

[Event "GER-ch U12"]
[Site "Willingen"]
[Date "2023.05.28"]
[Round "2"]
[White "Charchulla, Moritz"]
[Black "Sepe, Giovanni Paolo"]
[Result "1-0"]
[WhiteElo "1063"]
[BlackElo "1550"]
[PlyCount "128"]
[EventDate "2023.05.27"]
[EventType "swiss"]
[EventRounds "9"]
[EventCountry "GER"]
[SourceTitle "CBM 214 Extra"]
[Source "ChessBase"]
[SourceDate "2023.07.31"]
[SourceVersion "1"]
[SourceVersionDate "2023.07.31"]
[SourceQuality "1"]

1. c4 c5 2. Nc3 Nf6 3. g3 Nc6 4. Bg2 g6 5. e4 d6 6. Nge2 Bg7 7. 0-0 0-0 8. d3 Nd7 9. Be3 e5 10. f4 Nb6 11. Rb1 Qe7 12. a3 Nd4 13. b4 Bg4 14. h3 Bxe2 15. Nxe2 Nxe2+ 16. Qxe2 exf4 17. Rxf4 Be5 18. Rf3 Rae8 19. Qf2 Na4 20. bxc5 dxc5 21. Rb5 b6 22. Qc2 a6 23. Rb1 Qd7 24. Bf1 b5 25. cxb5 axb5 26. d4 Bxd4 27. Bxb5 Bxe3+ 28. Rxe3 Qd4 29. Kf2 Ra8 30. Rd1 Qf6+ 31. Rf3 Qb6 32. Bxa4 c4+ 33. Kg2 Rfc8 34. e5 Rab8 35. Rc1 Qd4 36. Qc3 Rb2+ 37. Kf1 Qd5 38. Rd1 Qb7 39. e6 fxe6 40. Rd7 Rb1+ 41. Ke2 Qe4+ 42. Qe3 Rb2+ 43. Rd2 Rxd2+ 44. Kxd2 c3+ 45. Kc1 Qc4 46. Bd7 Re8 47. Bxe8 Qb3 48. Bf7+ Kg7 49. Qe5+ Kh6 50. Qf4+ Kg7 51. Qf6+ Kh6 52. Rxc3 Qd5 53. Qf4+ Kg7 54. Rc7 Qh1+ 55. Kd2 Qd5+ 56. Ke3 Qb3+ 57. Kf2 Qb2+ 58. Kf3 Qxa3+ 59. Kg4 h5+ 60. Kh4 Qe7+ 61. Rxe7 Kf8 62. Re8+ Kg7 63. Bxe6 Kh7 64. Qf7+ Kh6 1-0

[Event "GER-chT U10"]
[Site "Magdeburg"]
[Date "2021.08.07"]
[Round "3.3"]
[White "Weng, Hao"]
[Black "Charchulla, Moritz"]
[Result "0-1"]
[WhiteElo "1007"]
[BlackElo "934"]
[PlyCount "50"]
[EventDate "2021.08.06"]
[EventType "team-swiss"]
[EventRounds "7"]
[EventCountry "GER"]
[SourceTitle "EXT 2022"]
[Source "ChessBase"]
[SourceDate "2021.10.06"]
[SourceVersion "1"]
[SourceVersionDate "2021.10.06"]
[SourceQuality "1"]
[WhiteTeam "Koenigsjaeger Sued West"]
[BlackTeam "Kiel Doppelbauer"]
[WhiteTeamCountry "GER"]
[BlackTeamCountry "GER"]

1. e4 e5 2. Nf3 Nc6 3. Bc4 Nf6 4. d3 d6 5. Nc3 Bg4 6. Be3 Be7 7. h3 Bh5 8. g4 Bg6 9. Qe2 0-0 10. 0-0-0 a6 11. Rdg1 b5 12. Bd5 Nxd5 13. Nxd5 a5 14. Nxe7+ Qxe7 15. h4 h6 16. g5 h5 17. Kb1 a4 18. a3 b4 19. axb4 Nxb4 20. Bd2 Rfb8 21. Bc3 a3 22. b3 a2+ 23. Kb2 d5 24. Ra1 d4 25. Rxa2 dxc3+ 0-1